| Tag |
First Indicator |
Second Indicator |
Subfields |
| LEADER |
00000cam a2200000Ia 4500 |
| 001 |
in00002507513 |
| 005 |
20151201113803.0 |
| 008 |
100308s1973 nhuab 000 0 eng d |
| 035 |
|
|
|a (OCoLC)ocn456621447
|
| 035 |
|
|
|a (OCoLC)456621447
|
| 040 |
|
|
|a NfSM
|c QE2
|d TXA
|d UtOrBLW
|
| 049 |
|
|
|a TXAM
|
| 055 |
|
3 |
|a GC213.7.C6
|b T48 1973
|
| 090 |
|
|
|a GC213.7.C6
|b T48 1973
|
| 100 |
1 |
|
|a Thrall, David E.
|
| 245 |
1 |
0 |
|a Development of a computer program to simulate wind wave generation, refraction, and shoaling in the Gulf of Maine /
|c by David E. Thrall.
|
| 264 |
|
1 |
|a [Durham, N.H.] :
|b [University of New Hampshire],
|c [1973]
|
| 300 |
|
|
|a 45 pages :
|b illustrations, maps ;
|c 28 cm.
|
| 336 |
|
|
|a text
|b txt
|2 rdacontent
|
| 337 |
|
|
|a unmediated
|b n
|2 rdamedia
|
| 338 |
|
|
|a volume
|b nc
|2 rdacarrier
|
| 490 |
1 |
|
|a EDAL report ;
|v no. 113
|
| 500 |
|
|
|a "March 1973."
|
| 500 |
|
|
|a "UNH Sea Grant Programs."--Cover.
|
| 500 |
|
|
|a "Report number UNH-SG-106."--Cover.
|
| 536 |
|
|
|a Office of National Sea Grant Programs, UNH/Coherent Area Sea Grant Program
|c 2-35244.
|
| 650 |
|
0 |
|a Ocean waves
|z Maine, Gulf of
|x Computer programs.
|
| 710 |
2 |
|
|a National Sea Grant Program (U.S.)
|
| 710 |
2 |
|
|a University of New Hampshire.
|b Engineering Design and Analysis Laboratory.
|
| 710 |
2 |
|
|a University of New Hampshire.
|b Sea Grant Program.
|
| 830 |
|
0 |
|a EDAL report ;
|v no. 113.
|
| 994 |
|
|
|a C0
|b TXA
|
| 948 |
|
|
|a cataloged
|b h
|c 2010/5/24
|d c
|e nbehmer
|f 12:49:18 pm
|
| 999 |
|
|
|a MARS
|
| 999 |
f |
f |
|s 292806ff-b7b0-3e8b-a0c2-46b78976dcf8
|i 49acf103-b35f-3312-b3e7-ac13105d0134
|t 0
|
| 952 |
f |
f |
|p ric
|a Texas A&M University
|b Rellis Campus
|c Joint Library Facility
|d Remote Storage
|t 0
|e GC213.7.C6 T48 1973
|h Library of Congress classification
|i unmediated -- volume
|m A14835648490
|
| 998 |
f |
f |
|a GC213.7.C6 T48 1973
|t 0
|l Remote Storage
|